Mariano Gamo : (Record n. 3244)
[ formato base ]
| 000 -LEADER | |
|---|---|
| fixed length control field | 00809nam a2200229 i 4500 |
| 003 - CONTROL NUMBER IDENTIFIER | |
| control field | IT-RoINE |
| 005 - DATE AND TIME OF LATEST TRANSACTION | |
| control field | 20190624061708.0 |
| 008 - FIXED-LENGTH DATA ELEMENTS--GENERAL INFORMATION | |
| fixed length control field | 120607s2012 sp a |r|||| 000 |bspa d |
| 020 ## - INTERNATIONAL STANDARD BOOK NUMBER | |
| International Standard Book Number | 9788477315391 |
| 040 ## - CATALOGING SOURCE | |
| Original cataloging agency | SpMaBN |
| Language of cataloging | spa |
| Transcribing agency | IT-RoINE |
| Modifying agency | IT-RoINE |
| 100 1# - MAIN ENTRY--PERSONAL NAME | |
| Personal name | Delgado de la Rosa, Juan Antonio, |
| Dates associated with a name | 1965- |
| 9 (RLIN) | 6499 |
| 245 10 - TITLE STATEMENT | |
| Title | Mariano Gamo : |
| Remainder of title | testigo de la transición : cura obrero y marxista / |
| Statement of responsibility, etc | Juan Antonio Delgado de la Rosa. |
| 260 ## - PUBLICATION, DISTRIBUTION, ETC. (IMPRINT) | |
| Place of publication, distribution, etc | Madrid : |
| Name of publisher, distributor, etc | Endymion Ensayo, |
| Date of publication, distribution, etc | 2012. |
| 300 ## - PHYSICAL DESCRIPTION | |
| Extent | 160 p. : |
| Other physical details | il. ; |
| Dimensions | 20 cm. |
| 336 ## - CONTENT TYPE | |
| Source | rdacontent |
| Content type term | text |
| 337 ## - MEDIA TYPE | |
| Source | rdamedia |
| Media type term | unmediated |
| 338 ## - CARRIER TYPE | |
| Source | rdacarrier |
| Carrier type term | volume |
| 504 ## - BIBLIOGRAPHY, ETC. NOTE | |
| Bibliography, etc | Bibliografía: p. [141]-148. |
| 600 14 - SUBJECT ADDED ENTRY--PERSONAL NAME | |
| Personal name | Gamo, Mariano, |
| Dates associated with a name | 1931- |
| General subdivision | Biografía |
| 9 (RLIN) | 6500 |
| 600 14 - SUBJECT ADDED ENTRY--PERSONAL NAME | |
| 9 (RLIN) | 6501 |
| Personal name | Gamo, Mariano, |
| Dates associated with a name | 1931- |
| General subdivision | Pensamiento político y social |
| 942 ## - ADDED ENTRY ELEMENTS (KOHA) | |
| Item type | Monografías |
| Withdrawn status | Lost status | Damaged status | Not for loan | Home library | Current library | Date acquired | Total Checkouts | Full call number | Barcode | Date last seen | Price effective from | Koha item type |
|---|---|---|---|---|---|---|---|---|---|---|---|---|
| Iglesia Nacional Española en Roma | Iglesia Nacional Española en Roma | 22/04/2014 | BIO 1281 | 3699 | 22/04/2014 | 22/04/2014 | Monografías |